00398 a2200109 4500001001000000005001700010008004100027245005300068100002300121773012700144999001700271ART_2365720260410161932.0260409a 10aEl hombre y el destino de los trágicos griegos1 aLetizia, Francisco0 tRevista de la Facultad de Ciencias Económicas de la Universidad de Cuyog- Año XXXI, Nº 79 (ene./jun. 1979)wREV22981 c28701d28701